Catálogo público

Agua electrolizada y trehaelosa en poscosecha de tallos de dos variedades de rosa ( Freedom y Pink Floyd) / (Record no. 218418)

MARC details
000 -CABECERA
campo de control de longitud fija 01319nam a22002897a 4500
003 - IDENTIFICADOR DEL NÚMERO DE CONTROL
campo de control OSt
005 - FECHA Y HORA DE LA ÚLTIMA TRANSACCIÓN
campo de control 20230608141047.0
007 - CAMPO FIJO DE DESCRIPCIÓN FÍSICA--INFORMACIÓN GENERAL
campo de control de longitud fija cr ||||||a|c|a
008 - DATOS DE LONGITUD FIJA--INFORMACIÓN GENERAL
campo de control de longitud fija 230220s2021 mx ||||fom||| 001 0 spa d
040 ## - FUENTE DE LA CATALOGACIÓN
Normas de descripción rda
100 1# - ENTRADA PRINCIPAL--NOMBRE DE PERSONA
9 (RLIN) 186052
Nombre de persona Ascención Gómez, Vicente
245 1# - MENCIÓN DE TÍTULO
Título Agua electrolizada y trehaelosa en poscosecha de tallos de dos variedades de rosa ( Freedom y Pink Floyd) /
Mención de responsabilidad, etc. por Vicente Ascención Gómez y Maria Celeste Villaseñor Vazquez; director de tesis María Teresa Colinas León /
264 #1 - PRODUCCIÓN, PUBLICACIÓN, DISTRIBUCIÓN, FABRICACIÓN Y COPYRIGHT
Producción, publicación, distribución, fabricación y copyright Chapingo, México :
Nombre del de productor, editor, distribuidor, fabricante El autor,
Fecha de producción, publicación, distribución, fabricación o copyright 2021.
300 ## - DESCRIPCIÓN FÍSICA
Extensión 1 recurso en línea (76 páginas).
336 ## - TIPO DE CONTENIDO
Fuente rdacontent
Término de tipo de contenido texto
Código de tipo de contenido txt
337 ## - TIPO DE MEDIO
Fuente rdamedia
Nombre/término del tipo de medio computadora
Código del tipo de medio c
338 ## - TIPO DE SOPORTE
Fuente rdacarrier
Nombre/término del tipo de soporte recurso en línea
Código del tipo de soporte cr
502 ## - NOTA DE TESIS
Tipo de título Ingeniero Agrónomo Especialista en Fitotecnia
Nombre de la institución que otorga el título Departamento de Enseñanza, Investigación y Servicio en Fitotecnia,
Año de obtención del título 2021.
Información miscelánea Licenciatura
504 ## - NOTA DE BIBLIOGRAFÍA, ETC.
Nota de bibliografía, etc. Incluye referencias bibliográficas: páginas 45-52
650 #2 - PUNTO DE ACCESO ADICIONAL DE MATERIA--TÉRMINO DE MATERIA
9 (RLIN) 99984
Término de materia o nombre geográfico como elemento de entrada Rosas
Subdivisión general Preservación
650 #2 - PUNTO DE ACCESO ADICIONAL DE MATERIA--TÉRMINO DE MATERIA
9 (RLIN) 186211
Término de materia o nombre geográfico como elemento de entrada Rosas
Subdivisión general Fisiología postcosecha
650 #2 - PUNTO DE ACCESO ADICIONAL DE MATERIA--TÉRMINO DE MATERIA
9 (RLIN) 186210
Término de materia o nombre geográfico como elemento de entrada Rosas
Subdivisión general Conservación
-- Postcosecha
700 0# - PUNTO DE ACCESO ADICIONAL--NOMBRE DE PERSONA
9 (RLIN) 25184
Nombre de persona Colinas León, María Teresa
Término indicativo de función/relación Director de tesis
700 1# - PUNTO DE ACCESO ADICIONAL--NOMBRE DE PERSONA
9 (RLIN) 186053
Nombre de persona Villaseñor Vazquez, Maria Celeste
856 ## - LOCALIZACIÓN Y ACCESO ELECTRÓNICOS
Identificador Uniforme del Recurso http://10.13.5.2/tesis/tl/2021_FI_Ascencion_Gomez_Vicente-Villasenor_Vazquez_MariaCeleste.pdf
Nota pública DESCARGAR PDF
942 ## - ELEMENTOS DE PUNTO DE ACCESO ADICIONAL (KOHA)
Fuente del sistema de clasificación o colocación Clasificación Universidad Autónoma Chapingo
Tipo de ítem Koha Tesis digital
Holdings
Estado de retiro Estado de pérdida Fuente del sistema de clasificación o colocación Estado dañado Restricciones de uso No para préstamo Código de colección Localización permanente Ubicación/localización actual Ubicación en estantería Fecha de adquisición Total de préstamos Signatura topográfica completa Fecha visto por última vez Precio válido a partir de Tipo de ítem Koha
    Clasificación Universidad Autónoma de Chapingo   Préstamo interno   Tesis digitales de Licenciatura Biblioteca Digital Biblioteca Digital En línea 20/02/2023   Tesis digital 20/02/2023 20/02/2023 Tesis digital